000 00618nas a2200217 i 4500
001 2091
003 ES-MaACL
005 20251001201527.0
007 t|
008 950801d18901890fr | | 1 ||re d
022 _a2017-6864
245 0 0 _aRevue d'hypnologie théorique et pratique /
_cdir. D.J. Luys.
260 _aParis :
_bGeorges Carré,
_c1890 (
_eTours :
_fDeslis)
300 _a1 v. (384 p.) :
_bgrab ;
_c24 cm.
362 0 _aNº 1-12 (1890)
650 1 7 _aPsicología
_2embne
_916540
700 1 _aLuys, Jules,
_d1828-1897
_9147527
852 _aES-MaACL
_jHem-324
866 0 _o1890
999 _c2091
_d2091